• 首页
  • 本馆介绍
  • 公告通知
  • 最新文献
  • 馆藏检索
  • 电子资源
  • 读者导购
  • 参考咨询
  • 我的图书馆
  • 登录
  • 详细信息显示
  • 放入我的书架
  • 预约/预借图书
  • 作者相关作品
  • 分类相关作品
  • 丛书相关作品
  • 出版社相关作品

书目信息

  • 表格格式
  • 工作单格式
  • 卡片格式
题名:
圹宋楼藏书志
    
 
作者: 陆心源 撰
分册: 下册  
出版信息: 北京   中华书局出版  1990.3
页数: 756-1240页
开本: 26cm
丛书名: 清人书目题跋丛刊
单 册:
中图分类: Z842.5
科图分类:
主题词: 私人藏书--图书目录
电子资源:
ISBN:
000 00639nam0 2200217 45
001 0181015596
005 20061127141844.73
010    @b精装@dCNY2109.2
100    @a20810111d km y0chiy0120 ea
101 0  @achi
105    @a z 000yy
200 1  @Akuang song lou cang shu zhi@Flu xin yuan@a圹宋楼藏书志@h下册@f陆心源撰@d圹宋楼藏书续志
210    @a北京@c中华书局出版@d1990.3
215    @a756-1240页@c无图表@d26cm
225    @a清人书目题跋丛刊
410  0 @12001 @a清人书目题跋丛刊
606 0  @a私人藏书@x图书目录
690    @aZ842.5@v3
701 0  @a陆心源@4撰
801    @aCN@bTSTC@c20061127
905    @dZ842.5@e4:1(2)@f1@b232694
    
    圹宋楼藏书志.下册/陆心源撰=圹宋楼藏书续志.-北京:中华书局出版,1990.3
    756-1240页:无图表;26cm.-(清人书目题跋丛刊)
    
    
    ISBN (精装):CNY2109.2
    
●
相关链接 在E读中查询图书 在五车中查询图书 在当当中查询图书 在豆瓣中查询图书


正题名:圹宋楼藏书志     索取号:Z842.5/4:1(2)         预约/预借

序号 登录号 条形码 馆藏地/架位号 状态 备注
1 0232694   202124806   第二样本阅览室/ [索取号:Z842.5/4:1(2)] 在馆    
唐山师范学院图书馆 欢迎您!
大连网信软件有限公司© 版权所有